مكتبة جامعة عجلون الوطنية

فهرس بحث المكتبة

Normal view MARC view
  • حقوق الإنسان -- الحقوق المدنية والسياسية

Entry Topical Term

Number of records used in: 1

001 - CONTROL NUMBER

  • control field: 48491

003 - CONTROL NUMBER IDENTIFIER

  • control field: JO-AjAnu

005 - DATE AND TIME OF LATEST TRANSACTION

  • control field: 20230606082010.0

008 - FIXED-LENGTH DATA ELEMENTS

  • fixed length control field: 230606|| aca||aabn | a|a d

040 ## - CATALOGING SOURCE

  • Original cataloging agency: JO-AjAnu
  • Transcribing agency: JO-AjAnu

150 ## - HEADING--TOPICAL TERM

  • Topical term or geographic name entry element: حقوق الإنسان -- الحقوق المدنية والسياسية

670 ## - SOURCE DATA FOUND

  • Source citation: Work cat.: (JO-AjAnu)24807: جامعة الزرقاء الأهلية , author 48490, مؤتمر حقوق الإنسان في الشريعة والقانون : التحديات والحلول